Toward security for all (Record no. 74251)
[ view plain ]
| 000 -LEADER | |
|---|---|
| fixed length control field | 01364nam a2200337 a 4500 |
| 100 1# - MAIN ENTRY--AUTHOR NAME | |
| Personal name | Speth, James Gustave. |
| 245 10 - TITLE STATEMENT | |
| Title | Toward security for all |
| 260 ## - PUBLICATION, DISTRIBUTION, ETC. (IMPRINT) | |
| Place of publication | Washington, D.C. : |
| Name of publisher | Environmental Law Institute, |
| Year of publication | 2002. |
| 300 ## - PHYSICAL DESCRIPTION | |
| Number of Pages | p. 10480-10487. |
| 490 0# - SERIES STATEMENT | |
| Series statement | Environmental law reporter news & analysis |
| 500 ## - GENERAL NOTE | |
| General note | "32 ELR, 4-2002". |
| General note | "Dialogues." |
| 650 #0 - SUBJECT ADDED ENTRY--TOPICAL TERM | |
| Topical Term | Economic development |
| Topical Term | Economic assistance |
| Topical Term | Environmental policy. |
| 856 40 - ELECTRONIC LOCATION AND ACCESS | |
| Uniform Resource Identifier | http://site.ebrary.com/lib/rucke/Doc?id=10046507 |
No items available.
